| 000 | 00983nam a22003137a 4500 | ||
|---|---|---|---|
| 003 | CHAP | ||
| 005 | 20220329135706.0 | ||
| 008 | 971013s r 00010 d | ||
| 010 | _a40640 | ||
| 011 | _a41612 | ||
| 035 | _a45738 | ||
| 040 | _cCHAP | ||
| 090 | _aFolleto 5207 | ||
| 100 | 0 | 0 |
_aFlores Manjarrez, Mario. _941622 |
| 245 | _aFertilice sus árboles frutales | ||
| 260 |
_aToluca, Méx. : _bDirección de Agricultura y Ganadería, _c(s.a.) |
||
| 300 |
_a8 p. _b: ilus. |
||
| 490 |
_aCircular DAGEM _v; 20 |
||
| 590 |
_aBATCH-UPD _b10 _c20130110 _lUCH01 _h2049 |
||
| 590 |
_aBATCH-UPD _b10 _c20130410 _lUCH01 _h1402 |
||
| 590 |
_aBATCH-UPD _b10 _c20130914 _lUCH01 _h0941 |
||
| 590 |
_aCONVERSION _b10 _c20130109 _lUCH01 _h1322 |
||
| 650 | 1 | 4 |
_aFertilizantes para árboles frutales. _940629 |
| 700 | 0 |
_aMuñoz S., Guillermo. _979678 |
|
| 830 | 0 |
_aCircular DAGEM _v; 20 _923378 |
|
| 901 | _aBK | ||
| 942 | _cFOLL | ||
| 949 |
_aFolleto 5207 _bBC _cFOLL _d-104383 _eTS1 _i45738 _mD _si |
||
| 999 |
_c40640 _d40640 |
||